| 000 | 00701nam a2200217Ia 4500 | ||
|---|---|---|---|
| 005 | 20220304153549.0 | ||
| 008 | 210716s2008 xx 000 0 und d | ||
| 020 | _a9788174465887 | ||
| 040 | _cAIMIT LIBRARY | ||
| 041 | _aeng | ||
| 082 |
_a658.304 _21 _bDHAR |
||
| 100 |
_aDhar, Rajib Lochan. _922786 |
||
| 245 |
_aStrategic human resource management / _cBy Rajib Lochan Dhar. |
||
| 250 | _a1st ed. | ||
| 260 |
_aNew Delhi : _bExcel Books ; _c2008. |
||
| 300 |
_ax, 330p. ; _c23 .5 cm. |
||
| 650 |
_aIntroduction to strategic management _922787 |
||
| 650 |
_aGoal setting: a strategic path to success _922788 |
||
| 650 |
_aRetrenchment strategies _922789 |
||
| 942 |
_2ddc _cBK _e1st _k658.304 DHAR |
||
| 999 |
_c203242 _d203242 |
||